| 000 | 00546cam a22001578a 4500 | ||
|---|---|---|---|
| 020 | _a0896291200 (paper) | ||
| 040 | _cDLC | ||
| 082 | 0 | 0 | _a330 INT 2001 C146 Or. |
| 100 | 1 | _aWobst, Peter | |
| 245 | 0 | 0 |
_aStructural adjustment and intersectoral shifts in Tanzania : _ba computable general equilibrium analysis / |
| 260 |
_aWashington, DC : _bInternational Food Policy Research Institute, _c2001 |
||
| 300 |
_axvii, 193 p. ; _c25 cm |
||
| 650 | 0 | _aEquilibrium (Economics) | |
| 710 | 2 | _aInternational Food Policy Research Institute | |
| 942 | _cAEDBB | ||
| 999 |
_c18493 _d18493 |
||